[Event "Titled Tues 8th Sep Final"]
[Site "chess.com INT"]
[Date "2020.09.08"]
[Round "2.3"]
[White "Kuzubov,Y"]
[Black "Nakamura,Hi"]
[Result "0-1"]
[WhiteElo "2643"]
[BlackElo "2736"]

1.d4 g6 2.Nf3 Bg7 3.g3 Nf6 4.Bg2 O-O 5.c4 d6 6.O-O Nc6 7.Nc3 Bg4 8.h3 Bxf3
9.Bxf3 Nd7 10.e3 e5 11.dxe5 Ndxe5 12.Be2 Re8 13.Qc2 Nd7 14.a3 Qe7 15.Rd1 Qe6
16.Bf1 Nce5 17.b3 Nf3+ 18.Kh1 Ng5 19.h4 Bxc3 20.Qxc3 Ne4 21.Qb2 Qf5 22.Kg1 Ne5
23.Bg2 Nf3+ 24.Bxf3 Qxf3 25.Re1 Re5 26.Qe2 Rf5 27.Qxf3 Rxf3 28.Ra2 Re8 29.Rae2 Rf5
30.Kg2 Nc5 31.b4 Nd3 32.Rd1 Nxc1 33.Rxc1 Rfe5 34.Rd2 Re4 35.c5 dxc5 36.Rxc5 c6
37.Rd7 R4e7 38.Rxe7 Rxe7 39.b5 cxb5 40.Rxb5 Rd7 41.a4 Kf8 42.a5 Ke7 43.h5 Kd6
44.hxg6 hxg6 45.g4 Kc6 46.Re5 Kd6 47.Rb5 Kc6 48.Re5 b5 49.axb6 axb6 50.g5 b5
51.Kf3 b4 52.Ke2 b3 53.Re8 b2 54.Rc8+ Rc7 55.Rb8 Rb7 56.Rc8+ Kb6  0-1

[Event "Titled Tues 8th Sep Final"]
[Site "chess.com INT"]
[Date "2020.09.08"]
[Round "3.2"]
[White "Sevian,Samuel"]
[Black "Nakamura,Hi"]
[Result "1/2-1/2"]
[WhiteElo "2660"]
[BlackElo "2736"]

1.e4 e5 2.Nf3 Nc6 3.Bc4 Bc5 4.c3 Nf6 5.d4 exd4 6.e5 d5 7.Bb5 Ne4 8.cxd4 Bb6
9.Nc3 Bg4 10.Be3 O-O 11.h3 Bh5 12.Qc2 Bg6 13.Qb3 Nxc3 14.bxc3 f6 15.exf6 Rxf6
16.O-O Qd6 17.Nh2 Na5 18.Qa4 a6 19.Be2 Be8 20.Qc2 Bb5 21.Ng4 Rff8 22.Ne5 Bxe2
23.Qxe2 Qe6 24.Rab1 Rae8 25.Rfe1 Ba7 26.Bc1 Nc4 27.Qc2 b5 28.Nf3 Qf7 29.Qd1 Rxe1+
30.Qxe1 Re8 31.Qd1 Qf5 32.Ra1 c6 33.a4 Bb8 34.axb5 axb5 35.Ra6 Qc8 36.Ra2 Qe6
37.Bg5 h6 38.Bh4 Bf4 39.Bg3 Bxg3 40.fxg3 Qe3+ 41.Kh2 Qxc3 42.Qb1 Qe3 43.Ra7 Qe4
44.Qb4 Qe6 45.Qc3 Qd6 46.Qc2 Ne3 47.Qf2 Nc4 48.Nh4 Qf6 49.Nf5 Rf8 50.g4 Nd6
51.Qg3 Nxf5 52.gxf5 Qg5 53.Qd6 Qxf5 54.Qxc6 Qf4+ 55.Kh1 Qf1+ 56.Kh2 Qf4+
57.Kh1 Qf1+ 58.Kh2 Qf4+  1/2-1/2

[Event "Titled Tues 8th Sep Final"]
[Site "chess.com INT"]
[Date "2020.09.08"]
[Round "3.1"]
[White "Nakamura,Hi"]
[Black "Sevian,Samuel"]
[Result "1-0"]
[WhiteElo "2736"]
[BlackElo "2660"]

1.Nf3 d5 2.e3 Nf6 3.c4 c6 4.d4 Bf5 5.Nc3 e6 6.Nh4 Bg6 7.Qb3 Qc7 8.cxd5 cxd5
9.Bd2 Nc6 10.Nxg6 hxg6 11.O-O-O a6 12.Kb1 Be7 13.Rc1 Rc8 14.f3 O-O 15.g4 Na5
16.Qd1 Nc4 17.g5 Nh5 18.Bxc4 Qxc4 19.f4 Qd3+ 20.Qc2 Qxc2+ 21.Rxc2 f6 22.Rg1 fxg5
23.fxg5 b5 24.h4 Rf3 25.Nxd5 Rxc2 26.Nxe7+ Kf7 27.Kxc2 Kxe7 28.Kd3 Rh3 29.Bb4+ Kd7
30.Rf1 Rxh4 31.Rf7+ Kc8 32.Re7 Rh3 33.Bd6 Kd8 34.Rxe6 Kd7 35.Rxg6  1-0

[Event "Titled Tuesday 22nd Sept"]
[Site "chess.com INT"]
[Date "2020.09.22"]
[Round "1"]
[White "Nakamura,Hi"]
[Black "Hansch,Ka"]
[Result "1-0"]
[WhiteElo "2736"]
[BlackElo "2300"]

1.e4 c6 2.d4 d5 3.e5 Bf5 4.h4 h5 5.Bd3 Bxd3 6.Qxd3 Qa5+ 7.Bd2 Qa6 8.e6 Qxd3
9.exf7+ Kxf7 10.cxd3 Nh6 11.Nf3 Nf5 12.O-O Nd7 13.Re1 Re8 14.Nc3 e6 15.Ne2 Bd6
16.Bf4 e5 17.Bh2 e4 18.Ng5+ Kf6 19.dxe4 Bxh2+ 20.Kxh2 dxe4 21.Ng3 e3 22.Nxf5 exf2
23.Ne4+ Rxe4 24.Rxe4 Kxf5 25.Re2 Nf6 26.Rxf2+ Ke4 27.Re2+ Kd5 28.Re7 g6 29.Rxb7 Re8
30.Rxa7 Ng4+ 31.Kh1 Re2 32.a4 Rxb2 33.a5 Ke4 34.Rf7 Nf2+ 35.Kg1 Nd3 36.a6 Nf4
37.Rxf4+  1-0

[Event "Titled Tue 22nd Sep Final"]
[Site "chess.com INT"]
[Date "2020.09.22"]
[Round "1.1"]
[White "Nakamura,Hi"]
[Black "Vastrukhin,O"]
[Result "1-0"]
[WhiteElo "2736"]
[BlackElo "2401"]

1.Nf3 g6 2.e4 Bg7 3.d4 c6 4.Nc3 d5 5.h3 Nf6 6.e5 Ne4 7.Bd3 Nxc3 8.bxc3 c5
9.O-O Nc6 10.Re1 O-O 11.Be3 c4 12.Bf1 Qa5 13.Qd2 Be6 14.Ng5 b5 15.Nxe6 fxe6
16.f4 b4 17.cxb4 Qxb4 18.c3 Qa3 19.Reb1 Rab8 20.h4 h5 21.g3 Kf7 22.Qc2 Rxb1
23.Rxb1 Rb8 24.Rxb8 Nxb8 25.Bc1 Qa5 26.Be2 Nd7 27.Bd1 Qb5 28.a4 Qb6 29.Kf1 Nb8
30.Qb2 Qxb2 31.Bxb2 a5 32.Ba3 Nc6 33.Bc2 Bh6 34.Bc5 Bg7 35.Bb6 Bh6 36.Bd1 Bg7
37.Bf3 Bh6 38.Ke2 Bg7 39.Bc5 Bh6 40.Ba3 Bg7 41.Bc1 Bh6 42.Be3 Nd8 43.Kf2 Kg7
44.Bc1 Kf7 45.Ba3 Nc6 46.Bc5 Bg7 47.Bb6 Bh6 48.Bd1 Kg7 49.Kg2 Kf7 50.Bc5 Kg7
51.Ba3 Kf7 52.Bc1 Kg7 53.Kh3 Kf7 54.Bc2 Kg7 55.g4 hxg4+ 56.Kxg4 Kf7 57.h5 gxh5+
58.Kxh5 Kg7 59.Bg6 Nb8 60.Be8 Na6 61.Bc6 Nc7 62.Kg4 Kf7 63.Ba3 Ne8 64.Bxe8+ Kxe8
65.Bc5 Kd7 66.Bb6  1-0

[Event "Titled Tue 22nd Sep Final"]
[Site "chess.com INT"]
[Date "2020.09.22"]
[Round "2.2"]
[White "Nakamura,Hi"]
[Black "Fedoseev,Vl3"]
[Result "0-1"]
[WhiteElo "2736"]
[BlackElo "2678"]

1.e4 c5 2.Nf3 d6 3.Bb5+ Nd7 4.Ba4 Nf6 5.O-O a6 6.c4 Nxe4 7.Re1 Nf6 8.d4 cxd4
9.Nxd4 g6 10.Nf3 Qc7 11.Nc3 e6 12.Bg5 Be7 13.Bxf6 Bxf6 14.Nd5 Qd8 15.Nxf6+ Qxf6
16.Qxd6 Qe7 17.Qc7 Qb4 18.Bxd7+ Bxd7 19.Ne5 Qe7 20.Rad1 Ba4 21.Qxe7+ Kxe7
22.b3 Be8 23.f4 Rc8 24.Kf2 f6 25.Nf3 Bd7 26.g4 b5 27.cxb5 axb5 28.Rd2 Rc5
29.g5 fxg5 30.Nxg5 Rf8 31.Ke3 e5 32.Nf3 Rxf4 33.Red1 Bc6 34.Ng1 Rc3+ 35.Ke2 b4
36.Ke1 Bb5 37.Rd5 Rf1+ 38.Kd2 Rxd1+ 39.Kxd1 Rd3+ 40.Rxd3 Bxd3 41.Nf3 Kd6
42.Ng5 h5 43.Kd2 Bf5 44.h4 Kd5 45.Kc1 e4 46.Nf7 e3 47.Kd1 Bb1 48.Ke2 Bxa2
49.Nh8 Bxb3 50.Kxe3 Bc2 51.Kd2 Bf5 52.Nf7 Ke4 53.Nd8 Kf4 54.Nc6 b3 55.Kc3 Bc2
56.Ne7 Kg4  0-1

[Event "Titled Tue 22nd Sep Final"]
[Site "chess.com INT"]
[Date "2020.09.22"]
[Round "2.3"]
[White "Nakamura,Hi"]
[Black "Fedoseev,Vl3"]
[Result "0-1"]
[WhiteElo "2736"]
[BlackElo "2678"]

1.e4 c6 2.Nf3 d5 3.Nc3 dxe4 4.Nxe4 Nf6 5.Qe2 Nxe4 6.Qxe4 Be6 7.Bd3 Bd5 8.Qe2 Nd7
9.Be4 Bxe4 10.Qxe4 Nf6 11.Qe2 g6 12.O-O Bg7 13.Re1 e6 14.d3 O-O 15.c3 Qd5
16.d4 Rad8 17.Bg5 Rd7 18.Ne5 Rc7 19.Bf4 Rcc8 20.h3 Nd7 21.Nf3 c5 22.dxc5 Nxc5
23.Ne5 Rfd8 24.Rad1 Qxa2 25.Ra1 Qb3 26.Rxa7 f6 27.Ng4 Nd3 28.Bh6 Nxe1 29.Qxe1 Rd1  0-1

[Event "Titled Tue 22nd Sep Final"]
[Site "chess.com INT"]
[Date "2020.09.22"]
[Round "2.1"]
[White "Fedoseev,Vl3"]
[Black "Nakamura,Hi"]
[Result "0-1"]
[WhiteElo "2678"]
[BlackElo "2736"]

1.d4 Nf6 2.c4 e6 3.Nf3 d5 4.Nc3 Be7 5.Bf4 O-O 6.e3 Nbd7 7.c5 c6 8.b4 b6 9.Bd3 a5
10.a3 h6 11.O-O Ba6 12.Bxa6 Rxa6 13.Qe2 Ra7 14.Rfc1 Qa8 15.Rab1 axb4 16.axb4 Qb7
17.h3 Rfa8 18.Ne5 Nxe5 19.Bxe5 Nd7 20.Bg3 b5 21.Kh2 Bd8 22.Qb2 Bc7 23.Ra1 Bxg3+
24.Kxg3 e5 25.Rxa7 Qxa7 26.Kh2 exd4 27.exd4 Nf8 28.Qd2 Ne6 29.f4 Qb8 30.g3 Ra3
31.f5 Ng5 32.Qe2 Rb3 33.h4 Nh7 34.Qa2 Rxb4 35.Qa6 Qe8 36.Rc2 Nf6 37.Re2 Qd7
38.Qa8+ Kh7 39.Qf8 Qxf5 40.Kg2 Rc4 41.Rf2 Qe6 42.Re2 Qg4 43.Re3 Qxd4 44.Re7 Rxc3
45.Qxf7 Rc2+  0-1

[Event "Titled Tuesday 22nd Sept"]
[Site "chess.com INT"]
[Date "2020.09.22"]
[Round "2"]
[White "Valdes,Le"]
[Black "Nakamura,Hi"]
[Result "0-1"]
[WhiteElo "2402"]
[BlackElo "2736"]

1.Nf3 g6 2.g3 Bg7 3.Bg2 d6 4.O-O Bd7 5.d3 Qc8 6.e4 Nc6 7.c3 Bh3 8.Nbd2 h5
9.Qe2 h4 10.d4 Bxg2 11.Kxg2 hxg3 12.fxg3 e5 13.d5 Nce7 14.Nc4 Qg4 15.Ng1 Qxe2+
16.Nxe2 f5 17.exf5 gxf5 18.Ne3 Nh6 19.c4 Kd7 20.Nc3 Rag8 21.Kh1 f4 22.gxf4 exf4
23.Ng2 Nhf5 24.Bxf4 Ng6 25.Rae1 Bxc3 26.bxc3 Rh3 27.Kg1 Ngh4 28.Re2 Rxc3
29.Kh1 Rxc4 30.Bg3 Nxg3+ 31.hxg3 Ng6 32.Rf7+ Kc8 33.Kh2 Ne5 34.Rh7 Rc3 35.Nf4 Rcxg3
36.Ne6 Nf3+  0-1

[Event "Titled Tuesday 22nd Sept"]
[Site "chess.com INT"]
[Date "2020.09.22"]
[Round "3"]
[White "Nakamura,Hi"]
[Black "Pultinevicius,Paulius"]
[Result "1-0"]
[WhiteElo "2736"]
[BlackElo "2510"]

1.Nf3 Nf6 2.b3 c5 3.Bb2 Nc6 4.e3 d5 5.Bb5 Bd7 6.O-O e6 7.d3 a6 8.Bxc6 Bxc6
9.Ne5 Qc7 10.Nd2 Bd6 11.f4 b5 12.Rf3 Bb7 13.Rg3 Rg8 14.c4 O-O-O 15.cxb5 axb5
16.a4 b4 17.Rc1 g5 18.d4 gxf4 19.exf4 Rxg3 20.hxg3 Ne4 21.Nxe4 dxe4 22.Qh5 f5
23.Nf7 Rg8 24.dxc5 Bxf4 25.Nd6+ Kb8 26.gxf4 Bd5 27.Be5 Ka8 28.Nb5  1-0

[Event "Titled Tuesday 22nd Sept"]
[Site "chess.com INT"]
[Date "2020.09.22"]
[Round "4"]
[White "Nakamura,Hi"]
[Black "Maly,Al"]
[Result "1-0"]
[WhiteElo "2736"]
[BlackElo "2371"]

1.Nf3 c5 2.e4 d6 3.d4 cxd4 4.Qxd4 Bd7 5.c4 Nc6 6.Qe3 g6 7.Nc3 Bg7 8.Be2 Nf6
9.h3 O-O 10.O-O Rc8 11.Bd2 a6 12.Rac1 Re8 13.Rfd1 Be6 14.Nd5 Nd7 15.Bc3 Bxc3
16.Rxc3 Nde5 17.Ng5 Nd7 18.Nxe6 fxe6 19.Nf4 Nf8 20.c5 e5 21.Bc4+ Kg7 22.Nd5 dxc5
23.Qxc5 Nd4 24.Qb4 b5 25.Bf1 a5 26.Rxc8 axb4 27.Rxd8 Rxd8 28.Rb1 Ra8 29.Nxb4 Rc8
30.b3 Nfe6 31.a4 bxa4 32.bxa4 Rb8 33.Bb5 h5 34.Na2 Nc5 35.Nc3 h4 36.f3 e6
37.Kf2 Kf6 38.Ra1 g5 39.Ra2 Rc8 40.Bf1 Nd7 41.Nd1 Rc1 42.Ne3 Nc5 43.a5 Rb1
44.a6 Nxa6 45.Ng4+ Kg6 46.Bxa6  1-0

[Event "Titled Tuesday 22nd Sept"]
[Site "chess.com INT"]
[Date "2020.09.22"]
[Round "5"]
[White "Paravyan,D"]
[Black "Nakamura,Hi"]
[Result "0-1"]
[WhiteElo "2653"]
[BlackElo "2736"]

1.d4 Nf6 2.c4 e6 3.Nf3 d5 4.Nc3 Be7 5.Bf4 O-O 6.e3 Nbd7 7.Rc1 c5 8.h4 dxc4
9.h5 Nd5 10.h6 g6 11.Bxc4 Nxf4 12.exf4 a6 13.d5 Nb6 14.b3 Bf6 15.Ne5 exd5
16.Nxd5 Nxd5 17.Qxd5 Qa5+ 18.Qd2 Qxd2+ 19.Kxd2 b5 20.Be2 Bf5 21.Rxc5 Rad8+
22.Ke3 Be7 23.Rc6 f6 24.g4 Bc8 25.Rc7 Rfe8 26.Bf3 fxe5 27.Bc6 exf4+ 28.Kf3 Bf8
29.Bxe8 Rxe8 30.Rhc1 Be6 31.R1c5 Bxc5 32.Rxc5 Rc8 33.Re5 Kf7 34.a4 bxa4 35.bxa4 Rc4
36.Ra5 Bc8 37.g5 Bb7+ 38.Kg4 f3+ 39.Kg3 Ke6  0-1

[Event "Titled Tuesday 22nd Sept"]
[Site "chess.com INT"]
[Date "2020.09.22"]
[Round "6"]
[White "Nakamura,Hi"]
[Black "Jobava,Ba"]
[Result "1-0"]
[WhiteElo "2736"]
[BlackElo "2603"]

1.Nf3 d5 2.e3 c6 3.c4 Nf6 4.d4 Bf5 5.Nc3 e6 6.Nh4 Bg6 7.Nxg6 hxg6 8.g3 Nbd7
9.Rb1 Bb4 10.Qb3 a5 11.a3 Bxc3+ 12.Qxc3 a4 13.Bg2 O-O 14.O-O Nb6 15.c5 Nc4
16.Rd1 Na5 17.Qc2 Nb3 18.Bd2 g5 19.f3 g4 20.f4 Nd7 21.h3 gxh3 22.Bxh3 f5
23.Bg2 Nf6 24.Bf3 Kf7 25.Kg2 Rh8 26.Rh1 Qe7 27.Bb4 Ne4 28.Rbg1 g5 29.Bxe4 dxe4
30.Qf2 gxf4 31.Qxf4 Rag8 32.Bc3 Rxh1 33.Rxh1 Qg5 34.Qc7+ Ke8 35.Qc8+  1-0

[Event "Titled Tuesday 22nd Sept"]
[Site "chess.com INT"]
[Date "2020.09.22"]
[Round "7"]
[White "Vachier Lagrave,M"]
[Black "Nakamura,Hi"]
[Result "1/2-1/2"]
[WhiteElo "2778"]
[BlackElo "2736"]

1.Nf3 d5 2.e3 Nf6 3.c4 e6 4.Nc3 a6 5.b3 dxc4 6.bxc4 c5 7.Qc2 b6 8.Be2 Bb7
9.Bb2 Be7 10.O-O O-O 11.Rad1 Nbd7 12.d4 cxd4 13.exd4 Rc8 14.Qb3 Qc7 15.Nd2 Rfd8
16.Rfe1 Nb8 17.Na4 Nbd7 18.Nc3 Nb8 19.Na4 Nbd7 20.Nc3  1/2-1/2

[Event "Titled Tuesday 22nd Sept"]
[Site "chess.com INT"]
[Date "2020.09.22"]
[Round "8"]
[White "Sarana,A"]
[Black "Nakamura,Hi"]
[Result "0-1"]
[WhiteElo "2654"]
[BlackElo "2736"]

1.d4 Nf6 2.c4 e6 3.Nc3 Bb4 4.Qc2 O-O 5.e4 d5 6.e5 Ne4 7.Bd3 c5 8.Nf3 cxd4
9.Nxd4 Nd7 10.Bf4 Qh4 11.g3 Qh5 12.O-O Bxc3 13.bxc3 g5 14.cxd5 exd5 15.Bxe4 dxe4
16.e6 gxf4 17.exd7 Bxd7 18.Qxe4 fxg3 19.fxg3 b6 20.Qe7 Bh3 21.Rf4 Rae8 22.Qh4 Qxh4
23.Rxh4 Bc8 24.Kf2 Re5 25.Re1 Rc5 26.Re3 Ra5 27.Re2 Rc5 28.Re3 Ra5 29.Re2 Ba6
30.Rd2 Rc8 31.Nb3 Rf5+ 32.Ke3 Rxc3+ 33.Ke4 Rf6 34.Rd8+ Kg7 35.Rg4+ Rg6 36.Rxg6+ hxg6
37.Rd7 Rc2 38.Rxa7 Rxa2 39.Ke3 Re2+ 40.Kd4 Bc8 41.h4 Rg2 42.Rc7 Rxg3 43.Nd2 Bf5
44.Nc4 Rg4+ 45.Ke5 Re4+ 46.Kd5 Rxh4 47.Nd6 Be6+ 48.Ke5 Rh5+ 49.Ke4 b5 50.Ke3 b4
51.Rb7 b3 52.Ne8+ Kf8 53.Nc7 Rh2 54.Nxe6+ fxe6 55.Kf4 b2 56.Ke5 Rf2 57.Kxe6 g5
58.Ke5 g4 59.Ke4 g3 60.Ke3 Ke8 61.Rb3 Kd7  0-1

[Event "Titled Tuesday 22nd Sept"]
[Site "chess.com INT"]
[Date "2020.09.22"]
[Round "9"]
[White "Nakamura,Hi"]
[Black "Fedoseev,Vl3"]
[Result "1-0"]
[WhiteElo "2736"]
[BlackElo "2678"]

1.e4 c5 2.Nf3 d6 3.Bb5+ Nd7 4.Ba4 g6 5.O-O Bg7 6.c3 Nf6 7.Re1 O-O 8.d4 e5
9.dxe5 Nxe5 10.Nxe5 dxe5 11.c4 Be6 12.Qe2 Qa5 13.Nc3 Rfd8 14.Bc2 a6 15.Nd5 Nxd5
16.cxd5 Bd7 17.Bd2 Qc7 18.Red1 b5 19.Rac1 Rac8 20.b3 f6 21.Bd3 Bf8 22.Be3 Qa5
23.Rc2 Rc7 24.Rdc1 Rdc8 25.f4 Bd6 26.fxe5 Bxe5 27.Qf2 c4 28.bxc4 Qa3 29.Bf1 bxc4
30.Rxc4 Rxc4 31.Rxc4 Rb8 32.Bd4 Rb1 33.Bxe5 fxe5 34.h3 Qf8 35.a4 Ra1 36.Qxf8+ Kxf8
37.Kf2 Bxa4 38.Rc8+ Ke7 39.Bxa6 Bd7 40.Ra8 Kd6 41.Bb7 Rxa8 42.Bxa8 Kc7 43.Kf3 h6
44.Ke3 Bb5 45.g3 Bf1 46.h4 Bb5 47.Kd2 Kb8 48.Bc6 Bxc6 49.dxc6 Kc7 50.Kc3 Kxc6
51.Kb4 Kb6 52.Kc4 Kc6 53.g4 Kd6 54.Kb5  1-0

[Event "Speed Chess Super Swiss"]
[Site "chess.com INT"]
[Date "2020.10.03"]
[Round "1"]
[White "Skliarov,V"]
[Black "Nakamura,Hi"]
[Result "0-1"]
[WhiteElo "2383"]
[BlackElo "2736"]

1.e4 g6 2.d4 Bg7 3.Nc3 c6 4.Bc4 d6 5.Qf3 e6 6.Nge2 d5 7.Bd3 Nf6 8.e5 Nfd7
9.h4 c5 10.Nb5 O-O 11.c3 f6 12.h5 fxe5 13.Qh3 e4 14.Qxe6+ Kh8 15.hxg6 Nf6
16.Qe5 exd3 17.Rxh7+ Kg8 18.Rxg7+ Kxg7 19.Bh6+ Kxh6 20.O-O-O dxe2 21.Rh1+ Kxg6
22.Nd6 Rh8 23.Re1 Nc6 24.Qg3+ Bg4 25.f3 Nh5 26.Qxg4+ Qg5+  0-1

[Event "Speed Chess Super Swiss"]
[Site "chess.com INT"]
[Date "2020.10.03"]
[Round "2"]
[White "Nakamura,Hi"]
[Black "Gabrielian,A"]
[Result "1-0"]
[WhiteElo "2736"]
[BlackElo "2458"]

1.Nf3 Nf6 2.b3 g6 3.Bb2 Bg7 4.d4 O-O 5.e3 d6 6.Be2 Nbd7 7.O-O e5 8.dxe5 Ng4
9.c4 dxe5 10.Nc3 f5 11.e4 Kh8 12.Qd2 c6 13.Rad1 Qe7 14.Qd6 Qxd6 15.Rxd6 Ngf6
16.Ng5 Re8 17.Ne6 Rb8 18.Nxg7 Kxg7 19.exf5 gxf5 20.Rfd1 Nf8 21.f4 Ng6 22.fxe5 Nxe5
23.Bf1 Nf7 24.Nd5 Nxd6 25.Nxf6 Kf7 26.Rxd6 Re6 27.c5 Rxd6 28.cxd6 Be6 29.Be2 Rd8
30.Bh5+ Kg7 31.Be8 Bf7 32.d7 Kg6 33.h4  1-0

[Event "Speed Chess Super Swiss"]
[Site "chess.com INT"]
[Date "2020.10.03"]
[Round "3"]
[White "Pantsulaia,L"]
[Black "Nakamura,Hi"]
[Result "0-1"]
[WhiteElo "2553"]
[BlackElo "2736"]

1.Nf3 d5 2.g3 g6 3.Bg2 Bg7 4.O-O e5 5.d3 Ne7 6.e4 O-O 7.Nbd2 c5 8.c3 d4 9.cxd4 cxd4
10.a3 Nbc6 11.b4 b5 12.Nb3 a5 13.Bd2 axb4 14.axb4 Rxa1 15.Qxa1 h6 16.Rc1 g5
17.h4 g4 18.Ne1 Kh7 19.Qa8 Qb6 20.Nc5 Rd8 21.Ra1 Bf8 22.Qa2 Kg8 23.Qc2 Ng6
24.Rc1 h5 25.f4 exf4 26.Bxf4 Nxf4 27.gxf4 Nxb4 28.Qd2 Bxc5 29.f5 Be7 30.e5 Bxf5  0-1

[Event "Speed Chess Super Swiss"]
[Site "chess.com INT"]
[Date "2020.10.03"]
[Round "4"]
[White "Nakamura,Hi"]
[Black "Deac,Bogdan-Daniel"]
[Result "1-0"]
[WhiteElo "2736"]
[BlackElo "2625"]

1.Nf3 c5 2.e3 g6 3.d4 Bg7 4.dxc5 Qa5+ 5.Nbd2 Qxc5 6.Bd3 Nf6 7.a3 Qc7 8.c4 O-O
9.O-O a5 10.Rb1 a4 11.Qe2 d6 12.Nd4 Nc6 13.Nb5 Qd8 14.h3 Nd7 15.Rd1 Nc5 16.Bc2 Be6
17.Ne4 Nxe4 18.Bxe4 Na5 19.Bd5 Qc8 20.Nd4 Bxd5 21.cxd5 Qc5 22.Nf3 Rfc8 23.Bd2 Qxd5
24.Qe1 Nb3 25.Bc3 Bxc3 26.Rxd5 Bxe1 27.Nxe1 Rc5 28.Rxc5 Nxc5 29.Rc1 Ra6 30.Rc2 Rb6
31.Kf1 Rb3 32.Ke2 b5 33.Nf3 b4 34.axb4 Rxb4 35.Nd4 Kf8 36.Nc6 Rb6 37.Na5 Rb5
38.Nc4 Rb4 39.Kd2 Ke8 40.f3 f6 41.e4 Kd7 42.Ne3 Rb3 43.Nd5 f5 44.exf5 Rd3+
45.Ke2 Rxd5 46.fxg6 hxg6 47.Rc4 Kc6 48.h4 Re5+ 49.Kd2 Kb5 50.Rg4 Re6 51.g3 Nd7
52.Rg5+ Nc5 53.g4 Kb4 54.h5 gxh5 55.gxh5 Kb3 56.Rg2 Kxb2 57.Rh2 a3 58.h6 a2
59.h7 a1=Q 60.h8=Q+ Ka2 61.Qxa1+ Kxa1 62.Kc3 Re3+ 63.Kc4 Rxf3 64.Rh1+ Ka2
65.Rh2+ Ka3 66.Kb5 Rb3+ 67.Kc6 Rb4 68.Rh3+ Ka4 69.Rh1 Rb3 70.Rh4+ Rb4 71.Rh1  1-0

[Event "Speed Chess Super Swiss"]
[Site "chess.com INT"]
[Date "2020.10.03"]
[Round "5"]
[White "Bluebaum,M"]
[Black "Nakamura,Hi"]
[Result "0-1"]
[WhiteElo "2672"]
[BlackElo "2736"]

1.d4 g6 2.c4 Bg7 3.e4 Nc6 4.Nf3 d6 5.d5 Ne5 6.Nxe5 Bxe5 7.Be2 Bg7 8.Nc3 Nf6
9.O-O O-O 10.Be3 e5 11.c5 h5 12.f3 Kh7 13.cxd6 cxd6 14.Rc1 Bh6 15.Qd2 Bxe3+
16.Qxe3 Bd7 17.b4 a5 18.b5 Kg7 19.Na4 h4 20.Qb6 Qe7 21.Rc7 Rab8 22.Qf2 Qd8
23.Rfc1 Nh5 24.Nb6 Be8 25.Bf1 Nf4 26.Kh1 Bc6 27.dxc6 Qxc7 28.Nd7 bxc6 29.bxc6 Rh8
30.Nxb8 Rxb8 31.Qxh4 Ne6 32.Qe1 Nc5 33.Bc4 Qxc6 34.Qxa5 Nxe4 35.Qd5 Nf2+
36.Kg1 Qb6 37.Qxf7+ Kh6 38.Kf1 Nh1 39.Ke1 Qe3+ 40.Kd1 Nf2+ 41.Kc2 Qd4 42.Bb3 Rc8+
43.Kb1 Nd3  0-1

[Event "Speed Chess Super Swiss"]
[Site "chess.com INT"]
[Date "2020.10.03"]
[Round "6"]
[White "Nakamura,Hi"]
[Black "Vachier Lagrave,M"]
[Result "1-0"]
[WhiteElo "2736"]
[BlackElo "2784"]

1.e4 c6 2.d3 d5 3.Nd2 g6 4.g3 Bg7 5.Bg2 e6 6.Ngf3 Ne7 7.O-O O-O 8.e5 c5 9.Re1 Nbc6
10.Nf1 b5 11.h4 b4 12.h5 Nf5 13.g4 Nfd4 14.N1h2 Qc7 15.h6 Bxe5 16.Nxe5 Nxe5
17.c3 Ndc6 18.Bf4 g5 19.Bg3 f6 20.d4 Bb7 21.dxe5 fxe5 22.Nf3 Rf4 23.Nxg5  1-0

[Event "Speed Chess Super Swiss"]
[Site "chess.com INT"]
[Date "2020.10.03"]
[Round "8"]
[White "Martinez Alcantara,Jose Eduardo"]
[Black "Nakamura,Hi"]
[Result "0-1"]
[WhiteElo "2620"]
[BlackElo "2736"]

1.e4 e5 2.Nf3 Nc6 3.Bb5 Nf6 4.d3 Bc5 5.c3 d5 6.Nbd2 dxe4 7.dxe4 O-O 8.O-O Qe7
9.b4 Bd6 10.a3 Nb8 11.Be2 c6 12.Qc2 Bg4 13.h3 Bh5 14.Re1 Nbd7 15.Nc4 Bc7
16.Ne3 Bg6 17.Bd3 Rad8 18.a4 Rfe8 19.Ba3 Nf8 20.Rad1 Ne6 21.Nh4 Nf4 22.Nxg6 hxg6
23.Bc4 a5 24.Bf1 Qe6 25.b5 cxb5 26.Bxb5 Rxd1 27.Rxd1 Rc8 28.Bc4 Qe8 29.Qb3 Nxe4
30.Qxb7 Nxc3 31.Rd2 e4 32.Bb2 Nb1 33.Rd1 Nd3 34.Bxd3 exd3 35.Rxb1 Bf4 36.Bd4 d2
37.Qb2 Qe4 38.Rd1 Qc6 39.Qxd2 Qxa4 40.Ra1 Qb5 41.g3 Bh6 42.Qxa5 Qd3 43.Qe5 Kh7
44.Ng4 f6 45.Nxf6+ gxf6 46.Qe7+ Bg7 47.Bxf6 Rg8 48.Bxg7 Rxg7 49.Qh4+ Kg8
50.Re1 Qd7 51.Qf6 Kh7 52.Re4 Qd1+ 53.Kh2 Qd7 54.Rh4+ Kg8 55.Qc3 Qf7 56.Rf4 Qe6
57.Qf3 Re7 58.Re4 Qxe4 59.Qf6 Qe6 60.Qg5 Rf7 61.Qd2 Qf5 62.f4 Kg7 63.Qc3+ Qf6
64.Qd2 Rb7 65.Qg2 Rb2  0-1

[Event "Speed Chess Super Swiss"]
[Site "chess.com INT"]
[Date "2020.10.03"]
[Round "10"]
[White "Nakamura,Hi"]
[Black "Grischuk,A"]
[Result "1-0"]
[WhiteElo "2736"]
[BlackElo "2777"]

1.e4 e5 2.Nf3 Nc6 3.Bb5 Nf6 4.d3 Bc5 5.Bxc6 dxc6 6.Nbd2 Be6 7.O-O Nd7 8.Nb3 Bb6
9.Ng5 Bxb3 10.axb3 Qe7 11.Qe1 f6 12.Nf3 Nf8 13.Nd2 Ne6 14.Nc4 a6 15.Kh1 O-O-O
16.Be3 Bxe3 17.fxe3 Kb8 18.Na5 Qd6 19.b4 h5 20.Qc3 h4 21.Qa3 c5 22.b5 h3
23.g3 Kc8 24.Nc4 Qd7 25.bxa6 b6 26.Qb3 Qc6 27.a7 Kd7 28.Ra6 Ke7 29.Nxb6 cxb6
30.Rxb6 Qd7 31.Rb7 Nc7 32.Qb6  1-0

[Event "Speed Chess Super Swiss"]
[Site "chess.com INT"]
[Date "2020.10.03"]
[Round "11"]
[White "Nepomniachtchi,I"]
[Black "Nakamura,Hi"]
[Result "1-0"]
[WhiteElo "2784"]
[BlackElo "2736"]

1.b3 c5 2.Bb2 d5 3.e3 Nc6 4.Nf3 Nf6 5.Bb5 Bd7 6.O-O e6 7.c4 dxc4 8.bxc4 Be7
9.Nc3 O-O 10.Ne2 Na5 11.Qc2 Rc8 12.Bxd7 Nxd7 13.d3 a6 14.Ng3 Bf6 15.Ne4 Bxb2
16.Qxb2 Qc7 17.Rab1 Rb8 18.Rfc1 h6 19.Nfd2 Rfc8 20.Ng3 Nc6 21.Nde4 Nce5 22.Nh5 f6
23.Nf4 Qc6 24.Qe2 Rd8 25.Ng3 Nf8 26.Rd1 b5 27.cxb5 Rxb5 28.Rbc1 Qb7 29.d4 Rb2
30.dxe5 Rxe2 31.Rxd8 Qb2 32.Nfxe2 Qxe5 33.Rc8 Qb2 34.a4 Qa3 35.R8xc5 Qxa4
36.Rc8 a5 37.Ra8 Qb4 38.h3 Kh7 39.Rc7 e5 40.Re8 a4 41.Ree7 a3 42.Rxg7+ Kh8
43.Nc3 Ne6 44.Rh7+ Kg8 45.Ra7 Qxc3 46.Nf5 Nc7 47.Rhxc7  1-0

[Event "Speed Chess Super Swiss"]
[Site "chess.com INT"]
[Date "2020.10.03"]
[Round "12"]
[White "Nakamura,Hi"]
[Black "Fedoseev,Vl3"]
[Result "1-0"]
[WhiteElo "2736"]
[BlackElo "2674"]

1.e4 c5 2.Nf3 d6 3.Bb5+ Bd7 4.Bxd7+ Qxd7 5.O-O Nc6 6.c3 Nf6 7.Re1 e5 8.d4 Ke7
9.Bg5 h6 10.Bxf6+ gxf6 11.d5 Nb8 12.Nh4 h5 13.Nf5+ Kd8 14.b4 cxb4 15.cxb4 a5
16.bxa5 Rxa5 17.Nd2 Na6 18.Nc4 Rc5 19.Qb3 b5 20.Na5 Bh6 21.Nc6+ Kc7 22.a4 b4
23.Nxb4 Nxb4 24.Qxb4 Rb8 25.Qa3 Bd2 26.Red1 Bb4 27.Qf3 Bc3 28.Rac1 Rb3 29.Qxh5 Bb4
30.h4 Rb2 31.Qf3 Qxa4 32.h5 Kb6 33.h6 Rxc1 34.Rxc1 Bc5 35.Rf1 Qe8 36.h7 Qh8
37.Qh5 Kb5 38.Qxf7 Kc4 39.Qg8 Rb8 40.Qf7 Kd3 41.Qh5 Rb7 42.Rd1+ Kc3 43.Qf3+ Kc2
44.Qd3+ Kb2  1-0

[Event "Speed Chess Super Swiss"]
[Site "chess.com INT"]
[Date "2020.10.03"]
[Round "13"]
[White "Andreikin,D"]
[Black "Nakamura,Hi"]
[Result "1/2-1/2"]
[WhiteElo "2726"]
[BlackElo "2736"]

1.d4 Nf6 2.Bg5 c5 3.d5 d6 4.c4 g6 5.Nc3 Bg7 6.e4 O-O 7.Qd2 e6 8.Bd3 exd5
9.cxd5 a6 10.a4 Qa5 11.Nf3 Bg4 12.O-O Bxf3 13.gxf3 Nbd7 14.f4 Qb4 15.a5 b5
16.axb6 Nxb6 17.Rfe1 Rfe8 18.Rad1 Nc4 19.Bxc4 Qxc4 20.e5 dxe5 21.d6 Qe6 22.d7 Qg4+
23.Kh1 Qf3+ 24.Kg1 Qg4+ 25.Kh1 Qf3+ 26.Kg1 Qg4+  1/2-1/2

[Event "Speed Chess Super Swiss"]
[Site "chess.com INT"]
[Date "2020.10.03"]
[Round "14"]
[White "Nakamura,Hi"]
[Black "Oparin,G"]
[Result "1/2-1/2"]
[WhiteElo "2736"]
[BlackElo "2652"]

1.Nf3 Nf6 2.e3 d5 3.c4 e6 4.d4 Be7 5.Bd3 O-O 6.Nc3 Nbd7 7.O-O b6 8.cxd5 exd5
9.a3 c5 10.dxc5 bxc5 11.b3 Bb7 12.Bb2 Re8 13.Ne2 Nf8 14.Ng3 g6 15.Rc1 Ne6
16.Bb5 Rf8 17.Qe2 a6 18.Bd3 Qb6 19.Rb1 Rfd8 20.b4 c4 21.Bc2 Rac8 22.Bc3 Ne4
23.Ba1 c3 24.Rfd1 Bc6 25.Qe1 Bb7 26.Ne2 Bf6 27.Rbc1 a5 28.bxa5 Qxa5 29.Bxe4 dxe4
30.Nfd4 Nxd4 31.Nxd4 Bxd4 32.Rxd4 Rxd4 33.exd4 Qxa3 34.Rxc3 Rxc3 35.Qxc3 Qxc3
36.Bxc3  1/2-1/2

[Event "Speed Super Swiss KO 2020"]
[Site "chess.com INT"]
[Date "2020.10.04"]
[Round "1.2"]
[White "Sjugirov,S"]
[Black "Nakamura,Hi"]
[Result "0-1"]
[WhiteElo "2675"]
[BlackElo "2736"]

1.e4 e5 2.Nf3 Nc6 3.Bb5 Nf6 4.O-O Nxe4 5.d4 Nd6 6.Bxc6 dxc6 7.dxe5 Nf5 8.Qxd8+ Kxd8
9.Nc3 Ke8 10.h3 h5 11.Bg5 Be6 12.Rad1 Be7 13.b3 Rd8 14.Rxd8+ Kxd8 15.Rd1+ Ke8
16.Ne2 Bd5 17.Bxe7 Kxe7 18.Ng5 f6 19.Nf4 Rd8 20.Nxd5+ cxd5 21.exf6+ Kxf6
22.f4 Ne3 23.Rd3 d4 24.c3 dxc3 25.Rxc3 Rd1+ 26.Kf2 Nd5 27.Rc2 Nxf4 28.Ne4+ Ke5
29.Nc5 b6 30.Na6 c5 31.Kg3 g5  0-1

[Event "Speed Super Swiss KO 2020"]
[Site "chess.com INT"]
[Date "2020.10.04"]
[Round "1.5"]
[White "Nakamura,Hi"]
[Black "Sjugirov,S"]
[Result "1-0"]
[WhiteElo "2736"]
[BlackElo "2675"]

1.Nf3 d5 2.e3 Nf6 3.c4 e6 4.Nc3 c6 5.d4 Nbd7 6.b3 Bd6 7.Bb2 O-O 8.Bd3 Qe7
9.O-O e5 10.dxe5 Nxe5 11.Nxe5 Qxe5 12.g3 Bg4 13.Be2 Bh3 14.Re1 dxc4 15.Bxc4 Rad8
16.Qe2 Bg4 17.f3 Be6 18.Nd5 Qf5 19.e4 Qg6 20.Nxf6+ gxf6 21.Kg2 Be5 22.Bxe6 fxe6
23.Bxe5 fxe5 24.Rad1 Qf6 25.Rxd8 Rxd8 26.Qe3 b6 27.b4 Rd4 28.a3 Qd8 29.Rc1 Rd6
30.Rc2 Kg7 31.Qc3 Qf6 32.f4 Rd4 33.fxe5 Qxe5 34.Qxc6 Kh6 35.Re2 Rd3 36.a4 Rc3
37.Qd7 Qf6 38.Rf2 Qg6 39.Qd4 Rc8 40.Rf6 Rc2+ 41.Kf1  1-0